000 00309nam a22001337a 4500
008 170922b xxu||||| |||| 00| 0 eng d
020 _a9780131592896
041 _aeng
080 _a37
100 _a46
101 _aEDU
245 _aAPPLIED BEHAVIOR ANALYSIS FOR TEACHERS
_cALBERTO, P.A
942 _2udc
_cBK
999 _c29231
_d29231